000 00327nam a22001337a 4500
020 _a9789388162180
082 _a361.954 SIN
100 _aSingh, Ajoy Kumar
245 _aSocial Work, Social Justice and Human Rights
260 _aNew Delhi
_bInnovative Imprint
_c2018
300 _a232
650 _aSocial work
942 _cBK
999 _c23016
_d23016